00980nam a22001457a 4500008004100000020001500041050001400056100001800070245005100088260003400139300003100173500002000204505056400224650004600788120907t xxu||||| |||| 00| 0 eng d a0070581029 aTS156.S57 aSlater, Roger aIntegrated process management. /cRoger Slater aBoston:bMcGraw Hill,cc1991. axvi, 278 p.:bill.;c23cm. aIncludes index. aContents: Introduction -- Prologue: a remembrance -- The Theory and structure of the IPM model: The Origin -- The Guiding gurus -- The Winning edge -- The Structure -- Macro and micro -- IPM: an Overview -- A Paradigm shift -- An Expanded overview of each step of the IPM model: The Positive environment -- The Variables -- The Standards -- Communication, communication! -- The Feedback loop -- Diagnostics and dynamics -- Staying the course in the implementation of the IPM system -- Learned negatives -- Run, with patience -- Epilogue: the third ingredient. bProduction management. x Quality control